|
|
|
|
| LEADER |
02342nam a2200577 a 4500 |
| 001 |
nkc20102151919 |
| 003 |
CZ PrNK |
| 005 |
20111004110312.0 |
| 007 |
ta |
| 008 |
101124s2010 xr f 001 0 cze |
| 015 |
|
|
|a cnb002151919
|
| 020 |
|
|
|a 978-80-87398-06-7
|q (brož.)
|
| 035 |
|
|
|a (OCoLC)703550284
|
| 040 |
|
|
|a BOA001
|b cze
|d ABA001
|
| 043 |
|
|
|a e-xr---
|
| 072 |
|
7 |
|a 364-1/-7
|x Druhy sociální pomoci a služeb
|2 Konspekt
|9 18
|
| 080 |
|
|
|a 364-7
|2 MRF
|
| 080 |
|
|
|a 364.69-7
|2 MRF
|
| 080 |
|
|
|a 364.4-053.9
|2 MRF
|
| 080 |
|
|
|a 316.752
|2 MRF
|
| 080 |
|
|
|a 005.73
|2 MRF
|
| 080 |
|
|
|a 005.6
|2 MRF
|
| 080 |
|
|
|a (437.3)
|2 MRF
|
| 080 |
|
|
|a (048.8:082)
|2 MRF
|
| 100 |
1 |
|
|a Havrdová, Zuzana
|7 pag2008454825
|4 aut
|4 edt
|
| 245 |
1 |
0 |
|a Hodnoty v prostředí sociálních a zdravotních služeb /
|c Zuzana Havrdová a kol.
|
| 250 |
|
|
|a 1. vyd.
|
| 260 |
|
|
|a V Praze :
|b Fakulta humanitních studií Univerzity Karlovy, katedra řízení a supervize v sociálních a zdravotnických organizacích,
|c 2010
|
| 300 |
|
|
|a 207 s. ;
|c 20 cm
|
| 504 |
|
|
|a Obsahuje bibliografie, bibliografické odkazy a rejstřík
|
| 650 |
0 |
7 |
|a sociální služby
|7 ph125812
|z Česko
|2 czenas
|
| 650 |
0 |
7 |
|a zdravotně-sociální služby
|7 ph127576
|z Česko
|2 czenas
|
| 650 |
0 |
7 |
|a péče o seniory
|7 ph421549
|z Česko
|2 czenas
|
| 650 |
0 |
7 |
|a hodnoty
|7 ph120778
|z Česko
|2 czenas
|
| 650 |
0 |
7 |
|a kultura organizace
|7 ph135313
|z Česko
|2 czenas
|
| 650 |
0 |
7 |
|a management jakosti
|7 ph115218
|z Česko
|2 czenas
|
| 650 |
0 |
9 |
|a social service
|z Czechia
|2 eczenas
|
| 650 |
0 |
9 |
|a medical social service
|z Czechia
|2 eczenas
|
| 650 |
0 |
9 |
|a older people care
|z Czechia
|2 eczenas
|
| 650 |
0 |
9 |
|a values
|z Czechia
|2 eczenas
|
| 650 |
0 |
9 |
|a corporate culture
|z Czechia
|2 eczenas
|
| 650 |
0 |
9 |
|a quality control
|z Czechia
|2 eczenas
|
| 655 |
|
7 |
|a kolektivní monografie
|7 fd501537
|2 czenas
|
| 655 |
|
9 |
|a collective monographs
|2 eczenas
|
| 856 |
4 |
1 |
|u http://www.digitalniknihovna.cz/mzk/uuid/uuid:736e3a70-1579-11e8-a0cf-005056827e52
|y Digitalizovaný dokument
|x NDK
|
| 910 |
2 |
|
|a BOA001
|b 2-1254.542
|
| 990 |
|
|
|a BK
|
| 995 |
|
|
|a 01
|
| 991 |
|
|
|b 201101
|c NOV
|e n
|j 364 HAV
|
| 996 |
6 |
|
|b 2610458961
|c 2-1254.542
|l MZK
|r Sklad / do 1 hodiny
|n 14
|p p.v.
|w 001162389
|u 000010
|a 1
|e BOA001
|j MZK50
|s P
|
| 996 |
7 |
|
|b 2610477224
|c 2-1254.542
|l Vol.výběr
|r VV 0p
|n 58
|p p.v.
|h 364 HAV
|w 001162389
|u 000020
|a 0
|e BOA001
|j MZK50
|s A
|